000 00734cam a22002413a 4500
001 2441
003 PGUSA
005 20140828083015.0
008 001201s2000||||xxu|||||s|||||000 | eng d
040 _aPGUSA
_beng
042 _adc
050 4 _aQL
100 1 _aBurgess, Thornton W.
_q(Thornton Waldo),
_d1874-1965
245 1 4 _aThe Burgess Animal Book for Children
_h[electronic resource] /
_cThornton W. Burgess
260 _bProject Gutenberg,
_c2000
506 _aPublic domain in the USA.
516 _aElectronic text
653 _aZoology -- Juvenile literature
653 _aAnimal behavior -- Juvenile literature
830 0 _aProject Gutenberg
_v2441
856 4 0 _uhttp://www.gutenberg.org/ebooks/2441
942 _cEB
999 _c231778
_d231778